Ekwadorska imigracja według państw - Statystyki

Ogólne statystyki
  • Ten quiz został rozwiązany 18 razy
  • Średni wynik to 17 z 20
Statystyki odpowiedzi
Ludzie Państwo % Poprawnych
4 552 Brazylia
100%
1 838 Francja
100%
158 852 Kolumbia
100%
11 456 Stany Zjednoczone
100%
5 240 Argentyna
93%
10 740 Chile
93%
7 072 Hiszpania
93%
2 284 Kanada
93%
2 660 Meksyk
93%
4 156 Niemcy
93%
448 890 Wenezuela
93%
1 484 Boliwia
87%
1 640 Paragwaj
87%
15 332 Peru
87%
2 004 Wielka Brytania
87%
3 445 Chiny
80%
3 360 Włochy
80%
2 712 Kuba
47%
1 116 Rosja
40%
1 776 Szwajcaria
13%
Nie znaleziono quizów pasujących do podanych kryteriów
Rozkład punktacji
Procent ludzi z każdym wynikiem
Percentyl według liczby udzielonych odpowiedzi
Twoja historia wyników
Nie rozwiązałeś tego quizu